Empoderamiento, individuación y estrategias para salir de la pobreza : comentarios sobre la encuesta Lo que dicen los pobres /

I tiakina i:
Ngā taipitopito rārangi puna kōrero
Kaituhi matua: Pérez Fernández del Castillo, Germán (autor)
Kaituhi rangatōpū: México. Secretaría de Desarrollo Social
Ētahi atu kaituhi: Pozo, Blanca Elena (colaboración) (colaboración), Arteaga, Catalina (colaboración) (colaboración)
Hōputu: Pukapuka
Reo:Pāniora
I whakaputaina: México : Secretaría de Desarrollo Social, 2004, c2004
Rangatū:(Cuadernos de Desarrollo Humano ; 19)
Ngā marau:
Ngā Tūtohu: Tāpirihia he Tūtohu
Kāore He Tūtohu, Me noho koe te mea tuatahi ki te tūtohu i tēnei pūkete!

MARC

LEADER 00000nam^a2200000^a^4500
001 000193654
005 20250521000000.0
009 20260310102650.657
020 |a 968-838-597-2 
025 |a Donación sin dato, 1 ejemplar 
037 |a Acervo ITESO - Biblioteca 
041 |a ESP 
082 |a 320. 972  |b MEX SEDESOL CUA V. 19 
100 |a Pérez Fernández del Castillo, Germán  |e (autor) 
245 1 0 |a Empoderamiento, individuación y estrategias para salir de la pobreza :  |b comentarios sobre la encuesta Lo que dicen los pobres /  |c G: Pérez Fernández del Castillo ; colaboración de B.E. del Pozo, C. Arteaga. 
264 4 |a México :  |b Secretaría de Desarrollo Social,  |c 2004, c2004 
300 |a 30 p. 
336 |a texto  |b txt  |2 rdacontenido 
337 |a sin mediación  |b n  |2 rdamedio 
338 |a volumen  |b nc  |2 rdasoporte 
440 1 |a (Cuadernos de Desarrollo Humano ;  |v 19) 
649 |a XX 
650 |a Pobreza -  |z México 
650 |a Percepción Social -  |z México 
650 |a Igualdad y Desigualdad -  |z México 
650 |a Empowerment -  |z México 
650 |a Toma de Decisiones -  |z México 
650 |a Política Social -  |z México -  |x Evaluación -  |x Tema Principal 
650 |a Política Económica -  |z México -  |x Evaluación 
650 |a Políticas Públicas -  |z México -  |x Evaluación 
650 |a Administración Pública -  |z México -  |x Historia -  |y Siglo XX 
650 |a Economía -  |z México -  |x Historia -  |y Siglo XX 
650 |a Política -  |z México -  |x Historia -  |y Siglo XX 
710 |a México.  |b Secretaría de Desarrollo Social 
700 |a Pozo, Blanca Elena  |e (colaboración) 
700 |a Arteaga, Catalina  |e (colaboración) 
910 |a Fondo General 
920 |a Impresos - Libros 
930 |a Colección General 
905 |a 101 
901 |a 0500138391  |b IT1  |c ACC  |i D  |u 20250521 
902 |a https://opac.biblio.iteso.mx/vufind/Record/000193654